000 00293nam a22001337a 4500
008 170512b xxu||||| |||| 00| 0 eng d
020 _a052131349X
041 _aeng
080 _a94(3)
100 _a15
101 _aSHH
245 _aTHE SOURCES OF SOCIAL POWER
_cMANN, M
942 _2udc
_cBK
999 _c13325
_d13325